Normal view
MARC view
Entry Personal Name
001 - CONTROL NUMBER
- control field: 309034
003 - CONTROL NUMBER IDENTIFIER
- control field: DLC
005 - DATE AND TIME OF LATEST TRANSACTION
- control field: 20260219133844.0
008 - FIXED-LENGTH DATA ELEMENTS
- fixed length control field: 150123n| azannaabn |n aaa
010 ## - LIBRARY OF CONGRESS CONTROL NUMBER
- LC control number: nb2015001673
035 ## - SYSTEM CONTROL NUMBER
- System control number: (Uk)009237581
040 ## - CATALOGING SOURCE
- Original cataloging agency: Uk
- Language of cataloging: eng
- Description conventions: rda
- Transcribing agency: Uk
046 ## - SPECIAL CODED DATES
- Start period: 20
100 1# - HEADING--PERSONAL NAME
- Personal name: Oldenhof, Harriëtte
370 ## - ASSOCIATED PLACE
- Associated country: Germany
- Other associated place: Hannover (Germany)
- Source of term: naf
372 ## - FIELD OF ACTIVITY
- Field of activity: Cryopreservation of organs, tissues, etc.
- Field of activity: Veterinary medicine
- Source of term: lcsh
373 ## - ASSOCIATED GROUP
- Associated group: University of Veterinary Medicine Hannover. Clinic for Horses. Unit for Reproductive Medicine
374 ## - OCCUPATION
- Occupation: College teachers
- Source of term: lcsh
374 ## - OCCUPATION
- Occupation: Researcher
375 ## - GENDER
- Gender: female
377 ## - ASSOCIATED LANGUAGE
- Language code: eng
670 ## - SOURCE DATA FOUND
- Source citation: Cryopreservation and freeze-drying protocols, [2015]:
- Information found: t.p. (Harriëtte Oldenhof, Unit for Reproductive Medicine, Clinic for Horses, University of Veterinary Medicine Hannover, Hannover, Germany)